Southville International School and Colleges
Your cart is empty.
  • Cart
  • Lists
    Public lists Eva Luna New books Lux_list list_1
    Your lists Log in to create your own lists
  • Log in to your account
  • Your cookies
  • Search history
Southville International School and Colleges
  • Advanced search
  • Recent comments
  • Most popular
  • Libraries

Log in to your account

Log in with GOOGLE


If you do not have an external account, but do have a local account, you can still log in:

  1. Home
  2. MARC view: Fake images: The effects of source, intermediary, and digital media literacy on contextual assessment of image credibility online /
Normal view MARC view ISBD view

Fake images: The effects of source, intermediary, and digital media literacy on contextual assessment of image credibility online / (Record no. 361440)

[ view plain ]
MARC details
000 -LEADER
fixed length control field 00667nam a2200181Ia 4500
008 - FIXED-LENGTH DATA ELEMENTS--GENERAL INFORMATION
fixed length control field 190422s9999 xx 000 0 und d
100 ## - MAIN ENTRY--PERSONAL NAME
Personal name Shen, Cuihua
245 ## - TITLE STATEMENT
Title Fake images: The effects of source, intermediary, and digital media literacy on contextual assessment of image credibility online /
245 ## - TITLE STATEMENT
Statement of responsibility, etc Cuihua Shen, Mona Kasra, Wenjing Pan, Grace A Basset, Yining Malloch and James F O'Brien.--
260 ## - PUBLICATION, DISTRIBUTION, ETC. (IMPRINT)
Name of publisher, distributor, etc Sage
260 ## - PUBLICATION, DISTRIBUTION, ETC. (IMPRINT)
Date of publication, distribution, etc 2019
300 ## - PHYSICAL DESCRIPTION
Extent pages 438-463 February 2019
440 ## - SERIES STATEMENT/ADDED ENTRY--TITLE
Title New Media & Society
Volume number/sequential designation 21(2)
650 ## - SUBJECT ADDED ENTRY--TOPICAL TERM
Topical term or geographic name as entry element Digital Media Literacy
650 ## - SUBJECT ADDED ENTRY--TOPICAL TERM
Topical term or geographic name as entry element Image Credibility
650 ## - SUBJECT ADDED ENTRY--TOPICAL TERM
Topical term or geographic name as entry element Image Manipulation
650 ## - SUBJECT ADDED ENTRY--TOPICAL TERM
Topical term or geographic name as entry element Source Credibility

No items available.

Fake images: The effects of source, intermediary, and digital media literacy on contextual assessment of image credibility online /

APA

Shen C., .Fake images: The effects of source, intermediary, and digital media literacy on contextual assessment of image credibility online. : Sage.

Chicago

Shen Cuihua, .Fake images: The effects of source, intermediary, and digital media literacy on contextual assessment of image credibility online. : Sage.

Harvard

Shen C., .Fake images: The effects of source, intermediary, and digital media literacy on contextual assessment of image credibility online. : Sage.

MLA

Shen Cuihua, .: Sage. .

  • Print
  • Cite
  • Add to your cart (remove)
  • Save record
    BIBTEX Dublin Core MARCXML MARC (non-Unicode/MARC-8) MARC (Unicode/UTF-8) MARC (Unicode/UTF-8, Standard) MODS (XML) RIS
  • More searches
    Search for this title in:
    Other Libraries (WorldCat) Other Databases (Google Scholar) Online Stores (Bookfinder.com) Open Library (openlibrary.org)

Exporting to Dublin Core...

SOUTHVILLE LIBRARY

Southville International School and Colleges Library

1281 Tropical Ave. Cor. Luxembourg St., BF Homes International, Las Pinas City

Tel. No. 8256374 / 252358 Loc. 117/146

Powered by Koha